000 00693nam a2200253 a 4500
001 0001-1019
003 ELIB.Books
008 141028 2010 eng
020 _a0801096405
035 _a(ELIB.Books)0001-1173
092 _a225
_bWes
100 _aWestcott, Brooke Foss.
245 _aA General Survey of the History of the Cannon of the New Tetament
250 _aSixth Edition
260 _aGrand Rapids
_bBaker Book House
_c1980
300 _a593
_c21.5 Cm
500 _aLibrary
650 _aNew Testament
856 _nKBTS; Library
_uKBTS; Elib.
942 _2ddc
_cBK
990 _a1
998 _cbat
_e2014-10-28
_mcat
_u2018-11-17
999 _c11019
_d11019